000 00947nas a2200289 4500
001 BR9102618
003 BR-BrBNA
005 20231205092028.0
007 ta
008 230509b bl.|||p| |||| 00| 00por d
040 _aBR-BrBNA
_bpor
_cBiblioteca Nacional de Agricultura
041 _a(Pt)
072 _aL73
100 1 _aNunes, V.A.
100 1 _aGuimaraes, E.B.
100 1 _aNunes, I.
100 1 _aSouza, J.C. de
100 1 _aGomes, R.F.C.
245 1 _aMineralizacao de vacas prenhes no controle da "doenca periodontal" dos bezerros
246 1 _aPeriodontal disease control of calves by mineral supplementation of pregnant cows
650 _aBOVINO
650 _aDOENCA PERIDENTARIA
650 _aMINERALIZACAO
773 0 _tArquivo Brasileiro de Medicina Veterinaria e Zootecnia (Brazil)
_xISSN 0102-0935
_g(Apr 1991), v. 43(2) p. 169-179
_wBR9102618
909 _a202311
_bLúcia
_c55
_dLúcia Elande
942 _2AGRIS
_n0
_cANA
999 _c128802
_d128802